000 00654nam a2200253Ia 4500
003 OSt
005 20221007102045.0
006 a|||||r|||| 00| 0
007 ta
008 221006b |||||||| |||| 00| 0 eng d
020 _a8174964339
024 _a9,297
037 _cTextual
040 _aLCO
_cLCO
_beng
041 _2eng
_aeng
082 _aX:517:(Z2), P3
100 _aMittal D.P.
245 0 _aCompetition Law
260 _aNew
_bDelhi Taxman Allied Services ( P.) Ltd. India
_c2003
300 _a484
650 _aCOMPETITION LAW
_9431661
942 _hX:517:(Z2), P3
_cTEXL
999 _c1178860
_d1178860